Manejo de fauna silvestre en Amazonia y Latinoamérica : (Registro nro. 3700)

Detalles MARC
000 -CABECERA
Campo de control 01241cam a22002897i 4500
005 - FECHA Y HORA DE LA ULTIMA TRANSACCION
Campo de control 20160108062604.0
008 - ELEMENTOS DE LONGITUD FIJA—INFORMACION GENERAL
Campo de control 040531s2003 ck ab rb 001 0 spa d
020 ## - ISBN
ISBN 9589703526
040 ## - FUENTE DE CATALOGACIÓN
Agencia catalogadora original UVZ
Agencia transcriptora UVZ
Agencia Modificadora DLC
041 ## - IDIOMA
Código de idioma para texto/pista de sonido o título separado Español
043 ## - GEOGRAPHIC AREA CODE
Geographic area code sa-----
-- cl-----
044 ## - PAÍS DE PUBLICACIÓN
País de publicación Colombia
082 04 - NUMERO DE CLASIFICACION DECIMAL DEWEY
Número de clasificación 333.95416
Número del ítem M27m
245 00 - MENCION DE TITULO
Título Manejo de fauna silvestre en Amazonia y Latinoamérica :
Mención de responsabilidad Rocío Polanco-Ochoa
Parte restante del título selección de trabajos v congreso internacional /
260 ## - PUBLICACION, DISTRIBUCION, ETC. (PIE DE IMPRENTA)
Lugar de publicación, distribución, etc. Colombia :
Nombre del editor, distribuidor, etc. CITES, Paraguay, Ministerio de Agricultura y Ganaderia :
-- Fundacion Moises Bertoni ;
Lugar de publicación, distribución, etc. Gainesville, FL :
Nombre del editor, distribuidor, etc. Fundación Natura,
Fecha de publicación, distribución, etc. 2003.
300 ## - DESCRIPCION FISICA
Extensión 446 páginas :
Otros detalles físicos ilustraciones y mapas ;
Dimensiones 28 cm.
504 ## - NOTA DE BIBLIOGRAFIA, ETC.
Nota de bibliografía Incluye referencias bibliográficas e índice.
650 14 - ASIENTO SECUNDARIO DE MATERIA - TERMINO TEMATICO
Término temático o nombre geográfico como elemento de entrada Conservación de la vida silvestre
Subdivisión geográfica Amazon River Region.
9 (RLIN) 48351
650 24 - ASIENTO SECUNDARIO DE MATERIA - TERMINO TEMATICO
Término temático o nombre geográfico como elemento de entrada Conservación de especies
Subdivisión geográfica Latin America.
9 (RLIN) 48352
650 24 - ASIENTO SECUNDARIO DE MATERIA - TERMINO TEMATICO
Término temático o nombre geográfico como elemento de entrada Fauna
Subdivisión geográfica Amazon River Region.
Subdivisión general Conservación
9 (RLIN) 48353
650 24 - ASIENTO SECUNDARIO DE MATERIA - TERMINO TEMATICO
Término temático o nombre geográfico como elemento de entrada Animals
Subdivisión geográfica Latin America.
9 (RLIN) 48354
700 1# - ASIENTO SECUNDARIO - NOMBRE PERSONAL
Nombre personal Cabrera, Elizabeth.
9 (RLIN) 48355
700 1# - ASIENTO SECUNDARIO - NOMBRE PERSONAL
Nombre personal Mercolli, Claudia.
9 (RLIN) 48356
700 1# - ASIENTO SECUNDARIO - NOMBRE PERSONAL
Nombre personal Polanco Ochoa, Rocío,
Término de relación editora.
9 (RLIN) 20628
942 ## - ELEMENTOS ADICIONALES (KOHA)
Sistema de clasificación Dewey Decimal Classification
Tipo de ítem Libro
Existencias
Withdrawn status Lost status Sistema de Clasificación Damaged status No para préstamo Colección Inventariado Ubicación Permanente Ubicación actual Fecha de adquisición Fuente de Valor Valor Total Checkouts Número topográfico Inventario / Código de Barras Date last seen Ejemplar Price effective from Forma de adquisición Tipo de material
    Dewey Decimal Classification     General Inventariado 2017 Bogotá Bogotá 04/02/2004 Instituto 15000.00   LB-333.95416 M27m 015449 04/12/2012 Ej. 1 04/12/2012   Libro
    Dewey Decimal Classification     General Inventariado 2017 Sala Fabio Quevedo Sala Fabio Quevedo 04/02/2004 Instituto 15000.00   LB-333.95416 M27m 015450 12/08/2016 Ej. 2 04/12/2012 Donación Libro